UM Logo

Computer networks / (Record no. 8155)

MARC details
000 -LEADER
fixed length control field 00574nam a2200169 4500
008 - FIXED-LENGTH DATA ELEMENTS--GENERAL INFORMATION
fixed length control field 171214b xxu||||| |||| 00| 0 eng d
020 ## - INTERNATIONAL STANDARD BOOK NUMBER
International Standard Book Number 97789813076464
082 ## - DEWEY DECIMAL CLASSIFICATION NUMBER
Edition number 1997
Classification number DC 004
Item number T15c
100 ## - MAIN ENTRY--PERSONAL NAME
9 (RLIN) 25246
Personal name Tanenbaum, Andrew S.,author.
245 ## - TITLE STATEMENT
Title Computer networks /
Statement of responsibility, etc. Andrew S. Tanenbaum.
250 ## - EDITION STATEMENT
Edition statement Third edition.
260 ## - PUBLICATION, DISTRIBUTION, ETC. (IMPRINT)
Place of publication, distribution, etc. Singapore :
Name of publisher, distributor, etc. Prentice Hall International, Inc.,
Date of publication, distribution, etc. ©1997.
300 ## - PHYSICAL DESCRIPTION
Extent xvii, 814 pages :
Other physical details illustrations ;
Dimensions 24 cm.
500 ## - GENERAL NOTE
General note Includes bibliographical references and index.
650 #0 - SUBJECT ADDED ENTRY--TOPICAL TERM
9 (RLIN) 25247
Topical term or geographic name as entry element Computer networks
942 ## - ADDED ENTRY ELEMENTS (KOHA)
Source of classification or shelving scheme Dewey Decimal Classification
Koha item type Circulation
Holdings
Withdrawn status Lost status Source of classification or shelving scheme Damaged status Not for loan Collection code Home library Current library Date acquired Source of acquisition Total Checkouts Full call number Barcode Date last seen Price effective from Koha item type
    Dewey Decimal Classification     Circulation UM Digos College - LIC UM Digos College - LIC 12/01/2004 Purchased   DC 004 T15c 1997 18050 05/15/2025 12/14/2017 Circulation